000 00635nam a2200181Ia 4500
008 090630s9999 xx 000 0 und d
082 _b15421
100 _aवाळिंबे शरच्चंद्र.
245 _aरेड टॉवर वॉच.
_cवाळिंबे शरच्चंद्र.
260 _b---
300 _a224
600 _aवाळिंबे शरच्चंद्र.
630 _aरेड टॉवर वॉच.
655 _aकादंबरी.
700 _aवाळिंबे शरच्चंद्र.
730 _aरेड टॉवर वॉच.
942 _cBOOK
999 _c267277
_d267277